Derecho de la hacienda pública y derecho tributario / (Registro nro. 4711)

Detalles MARC
000 -LEADER
fixed length control field 00943nam a2200277Ia 4500
003 - CONTROL NUMBER IDENTIFIER
control field OSt
005 - DATE AND TIME OF LATEST TRANSACTION
control field 20210113111453.0
008 - FIXED-LENGTH DATA ELEMENTS--GENERAL INFORMATION
fixed length control field 191128m20052006ck fr 000 0 spa d
020 ## - INTERNATIONAL STANDARD BOOK NUMBER
International Standard Book Number 9583505528
Qualifying information V.1
020 ## - INTERNATIONAL STANDARD BOOK NUMBER
International Standard Book Number 9583505439
Qualifying information V.2
040 ## - CATALOGING SOURCE
Original cataloging agency CO-JMCR
Transcribing agency CO-JMCR
041 0# - LANGUAGE CODE
Language code of text/sound track or separate title spa
082 04 - DEWEY DECIMAL CLASSIFICATION NUMBER
Classification number 336.8610026 /
Item number P723d
Edition number 23
100 1# - MAIN ENTRY--PERSONAL NAME
Personal name Plazas Vega, Mauricio Alfredo,
Relator term autor
9 (RLIN) 716
245 10 - TITLE STATEMENT
Title Derecho de la hacienda pública y derecho tributario /
Statement of responsibility, etc. Mauricio A. Plazas Vega
250 ## - EDITION STATEMENT
Edition statement Segunda edición
260 ## - PUBLICATION, DISTRIBUTION, ETC.
Place of publication, distribution, etc. Bogotá :
Name of publisher, distributor, etc. Temis,
Date of publication, distribution, etc. 2006
300 ## - PHYSICAL DESCRIPTION
Extent 2 volúmenes ;
Dimensions 24 cm.
504 ## - BIBLIOGRAPHY, ETC. NOTE
Bibliography, etc. note Bibliografía: páginas 714-738
505 2# - FORMATTED CONTENTS NOTE
Miscellaneous information V.1
Title Ideas políticas y hacienda pública. Derecho del gasto público y Derecho presupuestario.
Miscellaneous information v.2
Title Derecho tributario
650 14 - SUBJECT ADDED ENTRY--TOPICAL TERM
Topical term or geographic name entry element Hacienda pública
9 (RLIN) 6954
650 14 - SUBJECT ADDED ENTRY--TOPICAL TERM
Topical term or geographic name entry element Liberalismo
9 (RLIN) 6955
650 14 - SUBJECT ADDED ENTRY--TOPICAL TERM
Topical term or geographic name entry element Gastos públicos
9 (RLIN) 6956
650 14 - SUBJECT ADDED ENTRY--TOPICAL TERM
Topical term or geographic name entry element Derecho fiscal
9 (RLIN) 6957
942 ## - ADDED ENTRY ELEMENTS (KOHA)
Source of classification or shelving scheme Dewey Decimal Classification
Koha item type Books
Existencias
Withdrawn status Lost status Source of classification or shelving scheme Damaged status Not for loan Collection code Home library Current library Date acquired Source of acquisition Total Checkouts Full call number Barcode Date last seen Date last checked out Copy number Koha item type Price effective from
    Dewey Decimal Classification     Non-fiction Biblioteca Pública José María del Castillo y Rada Biblioteca Pública José María del Castillo y Rada 04/15/2018 Donación 1 336.8610026 / P723d 430000008 05/16/2024 02/11/2020 V.2 / Ej.1 Books  
    Dewey Decimal Classification     Non-fiction Biblioteca Pública José María del Castillo y Rada Biblioteca Pública José María del Castillo y Rada 04/15/2018 Donación   336.8610026 / P723d 430000006 05/16/2024   V.1 / Ej.1 Books 01/13/2021
    Dewey Decimal Classification     Non-fiction Biblioteca Pública José María del Castillo y Rada Biblioteca Pública José María del Castillo y Rada 04/15/2018 Donación   336.8610026 / P723d 430000007 05/16/2024   V.1 / Ej.2 Books 01/15/2021